000 005480000a22001930004500
003 LK-CoMWRAF
005 20240113160432.0
008 230817t1969 ||||| |||| 00| 0 eng d
040 _aLK-CoMWRAF
_dLK-CoMWRAF
_eLK-CoMWRAF
041 _aeng
082 _a340.59
_bHUS
100 _aHussain, M.A.M
245 _aIslamic concept of marriage and divorce
260 _a( Chilaw?)
_bSkip Publication,
_c[1969?]
300 _a 26 p. ; 19 cm
650 _aDivorce- Religious aspects- Islam
650 _aMarriage- Religious aspects- Islam
942 _cBK
999 _c110
_d110